000 00758nam a2200241 a 4500
001 74426
003 BD-RjUL
005 20211209082542.0
008 180919s1976 nyua|||| i||| 001 0 eng d
020 _a0070334013 :
_c17.60 pound
035 _a(BD-RjUL) 74644
040 _aBD-RjUL
_beng
_cBD-RjUL
041 _aeng
082 _223
_a621.38
_bHAN 1976
245 _aHandbook for electronics engineering technicians /
_ceds. Milton Kaufman, Arthur H. Seidman.
260 _aNewYork :
_bMcgraw-hill ,
_cc1976
300 _a509 str. loč. pag. :
_b ilustr. ;
_c 23 cm.
500 _aIncludes Index
650 _aelectronics
_vHandbooks ,Manuals ,etc
_9222780
700 _aKaufman, Milton
_9224922
700 _aSeidman, Arthur H.
_9224923
942 _2ddc
_cBK
999 _c74426
_d74426